000 00380nam a22001577a 4500
003 OSt
008 250521b |||||||| |||| 00| 0 eng d
020 _a9788170770033
100 _aSARASWATI, Paramhans Swami Jagdishwarnand
245 _aValmiki Ramayan
250 _a1st
260 _aNew Delhi
_bArya Prakashan
_c2024
300 _a588
650 _aGeneral
942 _2ddc
_cBK
999 _c13603
_d13603